Estadísticas para PRINCIPALES RIOS DE ASTURIAS

Haz click aquí para intentar la prueba.

Estadísticas generales

  • Esta prueba ha sido intentada 145 veces
  • La puntuación promedio es 7 de 17

Estadísticas de respuestas

HintRespuesta% Correcto
153 KMNALON
91%
92 KMEO
84%
66KMSELLA
78%
99KMNAVIA
73%
97 KMNARCEA
60%
64KMDEVA
45%
15KMPILES
44%
67KMNORA
40%
18KMCAUDAL
33%
54KMCARES
29%
40KMPILOÑA
26%
42KMALLER
16%
35KMESVA
16%
21KMLENA
15%
23KMDOBRA
12%
46KMPIGÜEÑA
10%
41KMCUBIA
7%

Distribución de puntuación

Porcentaje por número respondido

Porcentaje de gente con cada puntuación

Historial de tus puntuaciones

No has intentado esta prueba.